| 000 | 00444nam a22001457a 4500 | ||
|---|---|---|---|
| 005 | 20240301015537.0 | ||
| 008 | 240301b |||||||| |||| 00| 0 eng d | ||
| 082 |
_222 _a323. _bOPE. |
||
| 100 | _aHoyer , J. Hans. | ||
| 245 |
_aOpen Minds : _bReflections on Human Development and South-North issues / _cHans J. Hoyer. |
||
| 260 |
_aColombo ; _bRegional Office of South Asia ( ROSA) / _c1996 |
||
| 300 | _a141 P., | ||
| 650 | _aDevelopment | ||
| 942 | _cL | ||
| 999 |
_c526 _d526 |
||